I primi 30 stati per PIL (nominale) - Statistics

Statistiche generali
  • Questo quiz è stato fatto 295 volte
  • Il punteggio medio è 27 su 30
Statistiche sulle risposte
Posizione Stato % Corretto
2 Cina
100%
8 Italia
100%
1 USA/Stati Uniti
100%
7 Francia
99%
4 Germania
99%
12 Russia
99%
3 Giappone
98%
9 Canada
97%
15 Messico
95%
13 Spagna
95%
5 UK/Regno Unito
95%
11 Brasile
94%
26 Argentina
93%
14 Australia
93%
6 India
93%
28 Norvegia
90%
22 Svezia
90%
18 Arabia Saudita
88%
17 Olanda/Paesi Bassi
88%
20 Svizzera
88%
24 Belgio
87%
23 Polonia
87%
27 Austria
84%
10 Corea del Sud
84%
29 Emirati Arabi Uniti/EAU
77%
19 Turchia
77%
16 Indonesia
76%
30 Iran
72%
25 Thailandia
66%
21 Taiwan
50%
Nessun quiz corrispondente trovato
Distribuzione punteggi
Percentuale di utenti per punteggio
Percentile per numero di risposta
I tuoi punteggi nel tempo
Non hai fatto questo quiz